Statistics for Now That's What I Call Music 107

Click here to take the quiz!

General Stats

  • This quiz has been taken 3 times
  • The average score is 12 of 43

Answer Stats

artistsong% Correct
Ariana GrandePositions
67%
Lady Gaga and Ariana GrandeRain on me
67%
Clean Bandit and MabelTick Tock
67%
Rudimental ft Anne Marie & Tion WayneCome Over
33%
AshnikkoDaisy
33%
Sam SmithDiamonds
33%
Gary Barlow, Michael Buble & Sebastian YatraElita
33%
paul Harvey & BBC PhilharmonicFour Notes
33%
Dua LipaHallucinate
33%
Conan GrayHeather
33%
Becky Hill & SigalaHeaven on my mind
33%
Little MixHoliday
33%
Sigala & James ArthurLasting Lover
33%
Internet Money & Gunna ft Don TolliverLemonade
33%
Dua Lipa ft DaBabyLevitating
33%
Nathan Dawe ft KSILighter
33%
Kylie MinogueMagic
33%
24kGoldn ft Iann DiorMood
33%
Billie EilishMy Future
33%
RAYENatalie Don't
33%
Keith Urban & PinkOne too Many
33%
Calvin Harris & The WeekndOver Now
33%
Meduza & Dermot KennedyParadise
33%
KSI ft Craig David & digital farm animalsReally Love
33%
DaBaby & Roddy RicchROCKSTAR
33%
Little MixSweet Melody
33%
Jason DeruloTake You Dancing
33%
220 KID & JC StewartToo Many Nights
33%
Cardi B ft Megan thee StallionWAP
33%
Aj Tracey & MabelWest Ten
33%
Kygo and tina turnerWhat's Love got to do with it
33%
Shawn MendesWonder
33%
Tate McRaeYou broke me first
33%
Dermot KennedyGiants
0%
jax Jones & Au/Rai miss u
0%
Paul Woolford & DiploLooking for me
0%
S1mba ft KSILoose
0%
Machine Gun Kelly & Blackbearmy ex's best friend
0%
Maroon 5Nobody's Love
0%
Marshmello & Demi LovatoOk not to be OK
0%
Wes Nelson & Hardy Capriosee Nobody
0%
Pop SmokeWhat you know about love
0%
Topic, A7S & lil BabyWhy do you lie to me
0%

Score Distribution

Percentile by Number Answered

Percent of People with Each Score

Your Score History

You have not taken this quiz